[Event "DEM U10 2016"]
[Site "Willingen GER"]
[Date "2016.05.18"]
[Round "7"]
[White "Prieb, Robert"]
[Black "Bui, Bao Anh Le"]
[Result "0-1"]
[Termination "normal"]
[Board "1"]
[WhiteElo "1505"]
[BlackElo "1659"]
[WhiteClock "00:19:57"]
[BlackClock "00:39:02"]
[PlyCount "52"]
[WhiteFideId "16212002"]
[BlackFideId "12970719"]
[EventCountry "GER"]
[EventRounds "11"]
[EventType "swiss"]
[EventDate "2016.05.14"]

1. d4 d5 2. c4 e6 3. Nc3 c6 4. Nf3 dxc4 5. a4 Bb4 6. e3 b5 7. Bd2 a5 8. axb5
Bxc3 9. Bxc3 cxb5 10. b3 Bb7 11. bxc4 b4 12. Bb2 Nf6 13. Bd3 Nbd7 14. O-O O-O
15. Nd2 Qc7 16. f4 a4 17. g4 a3 18. Bc1 Qc6 19. e4 Ne8 20. g5 f5 21. d5 exd5
22. exd5 Qb6+ 23. Kh1 Nc5 24. Bc2 Nd6 25. Nb3 Nxc4 26. Qe2 Bxd5+ 0-1

[Event "DEM U10 2016"]
[Site "Willingen GER"]
[Date "2016.05.18"]
[Round "7"]
[White "Wagner, Leopold Franziskus"]
[Black "Lutz, Adam"]
[Result "1/2-1/2"]
[Termination "normal"]
[Board "2"]
[WhiteElo "1844"]
[BlackElo "1601"]
[WhiteClock "00:04:24"]
[BlackClock "00:17:32"]
[PlyCount "175"]
[WhiteFideId "1641581"]
[BlackFideId "16226615"]
[EventCountry "GER"]
[EventRounds "11"]
[EventType "swiss"]
[EventDate "2016.05.14"]

1. d4 d5 2. c4 e6 3. Nc3 Nf6 4. Bg5 Nbd7 5. e3 c6 6. Nf3 Qa5 7. cxd5 exd5 8.
Bd3 Be7 9. O-O Qd8 10. Qc2 O-O 11. Rfc1 Re8 12. h3 a5 13. Bf4 Nf8 14. b3 Ng6
15. Bh2 Be6 16. Ne5 Rc8 17. Nxg6 fxg6 18. Qb2 Bb4 19. a3 Bd6 20. Bxd6 Qxd6 21.
b4 axb4 22. axb4 Rf8 23. Rc2 Qd7 24. Bf1 Bf5 25. Rcc1 Ne4 26. Nxe4 Bxe4 27. Rc3
Rf6 28. Bd3 Bf5 29. Bxf5 Rxf5 30. Qe2 Rcf8 31. Rc2 R5f6 32. Rb1 Re8 33. b5 Rd6
34. Rcb2 Re7 35. Qd2 Rf6 36. Qa5 Rf8 37. Qc3 Rc8 38. Qb4 Re4 39. bxc6 bxc6 40.
Qa3 Re6 41. Rc2 Rf6 42. Rbc1 Re6 43. Qa4 Rf6 44. Rb2 Re6 45. Qa5 Rf6 46. Rcb1
Rf7 47. Qa6 Rc7 48. Rb8+ Rf8 49. Qa8 Rcc8 50. Rxc8 Rxc8 51. Rb8 Rxb8 52. Qxb8+
Kf7 53. Qb4 Ke6 54. Qb3 Ke7 55. Qb6 Kf7 56. f3 Qe6 57. Kf2 Qd7 58. e4 dxe4 59.
fxe4 Qe6 60. Qb7+ Kf8 61. Qb8+ Kf7 62. Qf4+ Ke7 63. Kf3 Qb3+ 64. Qe3 Qf7+ 65.
Kg3 h6 66. Qf4 Qb3+ 67. Kh2 Qe6 68. Qc7+ Kf8 69. e5 Qe8 70. Qd6+ Kf7 71. Kg3
Qc8 72. Kh2 Qe8 73. g4 Qc8 74. Kg3 Qe8 75. Kf3 Qc8 76. Qc5 Qe6 77. Ke4 g5 78.
d5 Qg6+ 79. Kd4 cxd5 80. Qxd5+ Ke7 81. Qb7+ Kd8 82. Qb8+ Ke7 83. Qc7+ Ke8 84.
Qb8+ Kd7 85. Qb5+ Ke7 86. Qc5+ Kd7 87. Qd5+ Ke7 88. Qc5+ 1/2-1/2

[Event "DEM U10 2016"]
[Site "Willingen GER"]
[Date "2016.05.18"]
[Round "7"]
[White "Hommer, Jeremy"]
[Black "Rössel, Gino"]
[Result "0-1"]
[Termination "normal"]
[Board "3"]
[WhiteElo "1741"]
[BlackElo "1682"]
[WhiteClock "00:01:02"]
[BlackClock "00:18:57"]
[PlyCount "74"]
[WhiteFideId "12992577"]
[BlackFideId "16203070"]
[EventCountry "GER"]
[EventRounds "11"]
[EventType "swiss"]
[EventDate "2016.05.14"]

1. g3 e6 2. Bg2 f5 3. Nf3 Nf6 4. c4 c6 5. O-O d5 6. d4 Bd6 7. Nc3 a6 8. Qc2
Nbd7 9. cxd5 cxd5 10. Bf4 Nb6 11. Bxd6 Qxd6 12. Ne5 O-O 13. f3 Nbd7 14. Nxd7
Bxd7 15. Qd3 Rae8 16. e4 dxe4 17. fxe4 fxe4 18. Nxe4 Nxe4 19. Bxe4 Rxf1+ 20.
Rxf1 Bb5 21. Bxh7+ Kh8 22. Qe4 Bxf1 23. Qh4 g5 24. Qh5 Qxd4+ 25. Kxf1 Qf6+ 26.
Kg1 Rd8 27. Bg6+ Kg7 28. Qh7+ Kf8 29. Qh6+ Ke7 30. Qh7+ Kd6 31. Bc2 Qd4+ 32.
Kh1 Rf8 33. Qg6 Rf1+ 34. Kg2 Rf2+ 35. Kh3 g4+ 36. Kh4 Rxh2+ 37. Kg5 Qe5+ 0-1

[Event "DEM U10 2016"]
[Site "Willingen GER"]
[Date "2016.05.18"]
[Round "7"]
[White "Hagner, Bennet"]
[Black "Fuchs, Florian"]
[Result "0-1"]
[Termination "normal"]
[Board "5"]
[WhiteElo "1370"]
[BlackElo "1724"]
[WhiteClock "01:06:29"]
[BlackClock "01:02:18"]
[PlyCount "46"]
[WhiteFideId "16224477"]
[BlackFideId "16213351"]
[EventCountry "GER"]
[EventRounds "11"]
[EventType "swiss"]
[EventDate "2016.05.14"]

1. e4 c5 2. c3 d5 3. exd5 Qxd5 4. d4 cxd4 5. cxd4 Nc6 6. Nf3 Bg4 7. Be2 Nf6 8.
Nc3 Qd7 9. h3 Bxf3 10. Bxf3 Nxd4 11. Bxb7 Qxb7 12. O-O Rd8 13. Be3 Nf5 14. Qa4+
Qd7 15. Nb5 Nd5 16. Rad1 e6 17. Nc7+ Ke7 18. Bc5+ Kf6 19. Bd4+ Kg6 20. Be5 Qxa4
21. Rd3 Bd6 22. Nxd5 Bxe5 23. g4 Nh4 0-1

[Event "DEM U10 2016"]
[Site "Willingen GER"]
[Date "2016.05.18"]
[Round "7"]
[White "Schwartz, Oliver"]
[Black "Tham, Nam"]
[Result "0-1"]
[Termination "normal"]
[Board "6"]
[WhiteElo "1440"]
[BlackElo "1575"]
[WhiteClock "00:26:21"]
[BlackClock "01:18:47"]
[PlyCount "92"]
[WhiteFideId "16207459"]
[BlackFideId "12997331"]
[EventCountry "GER"]
[EventRounds "11"]
[EventType "swiss"]
[EventDate "2016.05.14"]

1. e4 e5 2. Nf3 Nc6 3. Bc4 Bc5 4. c3 Nf6 5. d3 a6 6. Bb3 d6 7. Nbd2 Ba7 8. O-O
O-O 9. h3 h6 10. Re1 Nh5 11. Nf1 Qf6 12. Be3 Nf4 13. Qd2 Nxh3+ 14. gxh3 Qxf3
15. Qe2 Qxh3 16. Ng3 Bg4 17. Qf1 Bxe3 18. Rxe3 Qxf1+ 19. Rxf1 Be6 20. Nh5 Bxb3
21. axb3 Ne7 22. Rg3 Ng6 23. f4 exf4 24. Nxf4 Nxf4 25. Rxf4 Kh7 26. Rfg4 g6 27.
Rh4 h5 28. Rf3 Rae8 29. Rhf4 Kg7 30. Rg3 Kh6 31. Rgf3 Re7 32. Kg2 Kg5 33. Kg3
f5 34. b4 Rf6 35. Rf2 Ref7 36. Rg2 Kh6 37. Kh4 fxe4 38. Rxe4 Rf4+ 39. Kh3 Rxe4
40. dxe4 Rf3+ 41. Kh2 Re3 42. Rf2 Rxe4 43. Rf7 Rc4 44. Kg3 Kg5 45. Rf8 c5 46.
Rd8 cxb4 0-1

[Event "DEM U10 2016"]
[Site "Willingen GER"]
[Date "2016.05.18"]
[Round "7"]
[White "Schlie, Johann"]
[Black "Gluma, Christian"]
[Result "1/2-1/2"]
[Termination "normal"]
[Board "7"]
[WhiteElo "1244"]
[BlackElo "1468"]
[WhiteClock "00:23:34"]
[BlackClock "00:12:17"]
[PlyCount "75"]
[WhiteFideId "16211596"]
[BlackFideId "16223209"]
[EventCountry "GER"]
[EventRounds "11"]
[EventType "swiss"]
[EventDate "2016.05.14"]

1. d4 d5 2. Nc3 c5 3. Bf4 Nc6 4. e3 a6 5. Qd2 e6 6. f3 Nf6 7. Nge2 Qb6 8. dxc5
Bxc5 9. Nd1 O-O 10. g4 h6 11. h4 e5 12. Bg3 e4 13. g5 Nh5 14. f4 Be6 15. gxh6
gxh6 16. Rg1 Kh7 17. Bh2 Rg8 18. Nec3 Nf6 19. Na4 Qa7 20. Nxc5 Qxc5 21. Qc3 Qa5
22. Qxa5 Nxa5 23. Nc3 Ng4 24. Rg2 Nxe3 25. Re2 Nxf1 26. Kxf1 f5 27. Kf2 Rg4 28.
Bg3 Rag8 29. Rg1 d4 30. Nd1 e3+ 31. Nxe3 dxe3+ 32. Rxe3 Bd5 33. Re5 Rd8 34. Rd1
Rc8 35. Rexd5 Rxc2+ 36. R1d2 Rxd2+ 37. Rxd2 Rg7 38. Rc2 1/2-1/2

[Event "DEM U10 2016"]
[Site "Willingen GER"]
[Date "2016.05.18"]
[Round "7"]
[White "Nitsche, Nikolai"]
[Black "Metzdorf, Matteo"]
[Result "0-1"]
[Termination "normal"]
[Board "8"]
[WhiteElo "1371"]
[BlackElo "1211"]
[WhiteClock "00:13:39"]
[BlackClock "00:27:16"]
[PlyCount "72"]
[WhiteFideId "16221036"]
[BlackFideId "16209869"]
[EventCountry "GER"]
[EventRounds "11"]
[EventType "swiss"]
[EventDate "2016.05.14"]

1. d4 d5 2. Bf4 Nf6 3. Nf3 e6 4. e3 c5 5. c3 Nc6 6. Bd3 Be7 7. O-O Nh5 8. Bg3
Nxg3 9. hxg3 O-O 10. Nbd2 b6 11. Re1 Bb7 12. Qc2 h6 13. Rad1 Qc7 14. dxc5 bxc5
15. c4 Nb4 16. Qb3 Nxd3 17. Qxd3 Ba6 18. b3 Rfd8 19. Qc2 Rab8 20. Rc1 Rdc8 21.
Red1 Rb4 22. cxd5 exd5 23. Nb1 Bb7 24. Nc3 Rd8 25. Na4 c4 26. Nb2 Ba6 27. Nd2
Rc8 28. bxc4 dxc4 29. Nd3 Rb6 30. Nf4 Qc6 31. Nf3 Bf6 32. Nd5 Rb2 33. Nxf6+
Qxf6 34. Qa4 c3 35. Nd4 Qxf2+ 36. Kh1 Qxg2# 0-1

[Event "DEM U10 2016"]
[Site "Willingen GER"]
[Date "2016.05.18"]
[Round "7"]
[White "Eilenberg, Jonas"]
[Black "Felten, Maximilian"]
[Result "1/2-1/2"]
[Termination "normal"]
[Board "9"]
[WhiteElo "1494"]
[BlackElo "1369"]
[WhiteClock "00:33:16"]
[BlackClock "00:26:07"]
[PlyCount "41"]
[WhiteFideId "16204271"]
[BlackFideId "4004949"]
[EventCountry "GER"]
[EventRounds "11"]
[EventType "swiss"]
[EventDate "2016.05.14"]

1. d4 d5 2. c4 c6 3. cxd5 cxd5 4. Nc3 Nc6 5. Nf3 Nf6 6. Bg5 Ne4 7. Bf4 e6 8. a3
a6 9. e3 Nxc3 10. bxc3 Be7 11. Bd3 h6 12. O-O O-O 13. Qd2 Bd6 14. Bg3 Na5 15.
Qc2 Bxg3 16. hxg3 Bd7 17. Qb2 b5 18. Rac1 Nc4 19. Bxc4 dxc4 20. Qe2 Bc6 21.
Rfd1 1/2-1/2

[Event "DEM U10 2016"]
[Site "Willingen GER"]
[Date "2016.05.18"]
[Round "7"]
[White "Klonov, Jakov"]
[Black "Toval, David"]
[Result "0-1"]
[Termination "normal"]
[Board "10"]
[WhiteElo "1333"]
[BlackElo "1516"]
[PlyCount "78"]
[WhiteFideId "16211928"]
[BlackFideId "12992755"]
[EventCountry "GER"]
[EventRounds "11"]
[EventType "swiss"]
[EventDate "2016.05.14"]

1. e4 c5 2. c3 Nf6 3. e5 Nd5 4. d4 cxd4 5. cxd4 Nc6 6. Bc4 Nb6 7. Bb5 a6 8. Be2
d6 9. exd6 Qxd6 10. Nf3 Bg4 11. Be3 e6 12. Nc3 Be7 13. a3 O-O 14. Qd2 Rfd8 15.
Rd1 Qc7 16. O-O Bd6 17. h3 Bh5 18. Qc2 Bg6 19. Qd2 Rac8 20. Rc1 Qe7 21. Rfd1
Na5 22. Qe1 Nb3 23. d5 Nxc1 24. Bxb6 Nxe2+ 25. Qxe2 Re8 26. Qd2 exd5 27. Nxd5
Qe6 28. Re1 Qd7 29. Nc3 Rxe1+ 30. Qxe1 Re8 31. Qd2 Bh5 32. Bc5 Bxf3 33. gxf3
Bh2+ 34. Kxh2 Qxd2 35. Kg2 Qg5+ 36. Kf1 Qxc5 37. Kg1 Re1+ 38. Kg2 Qg5+ 39. Kh2
Qg1# 0-1

[Event "DEM U10 2016"]
[Site "Willingen GER"]
[Date "2016.05.18"]
[Round "7"]
[White "Neuber, Pascal"]
[Black "Phan Trong, Dai"]
[Result "1/2-1/2"]
[Termination "normal"]
[Board "11"]
[WhiteElo "1309"]
[BlackElo "1376"]
[PlyCount "134"]
[WhiteFideId "16227611"]
[BlackFideId "16236939"]
[EventCountry "GER"]
[EventRounds "11"]
[EventType "swiss"]
[EventDate "2016.05.14"]

1. e4 e5 2. Nf3 Nc6 3. Bc4 Bc5 4. c3 Nf6 5. d4 exd4 6. e5 Ng4 7. cxd4 Bb4+ 8.
Nc3 d5 9. Bb5 Bd7 10. O-O Bxc3 11. bxc3 Qe7 12. Bg5 f6 13. exf6 Nxf6 14. Re1
Be6 15. Qe2 Bd7 16. Qc2 Be6 17. Ne5 O-O 18. Nxc6 bxc6 19. Bxc6 Rad8 20. Qe2 Rd6
21. Bxd5 Re8 22. Bxe6+ Rxe6 23. Qxe6+ Qxe6 24. Rxe6 Rxe6 25. Bxf6 gxf6 26. Kf1
Kf7 27. Rb1 Ra6 28. Rb2 Ke6 29. Ke2 Ra5 30. Ke3 Rh5 31. h3 Rg5 32. f4 Rg3+ 33.
Kf2 Rxc3 34. Rb7 a5 35. Ra7 Ra3 36. Rxc7 Rxa2+ 37. Kg3 h6 38. Rh7 a4 39. Rxh6
a3 40. Rh7 Rb2 41. Ra7 a2 42. h4 Rd2 43. h5 Rd3+ 44. Kh2 Rxd4 45. g3 Rd5 46. g4
Rd2+ 47. Kg3 Rd6 48. Kf2 Rd2+ 49. Ke3 Rh2 50. h6 Rxh6 51. Rxa2 Rh3+ 52. Ke4 Rg3
53. f5+ Kf7 54. Kf4 Rh3 55. Ra7+ Kf8 56. Ra2 Kf7 57. Rg2 Rh4 58. Kf3 Ke7 59.
Kg3 Rh6 60. Re2+ Kf7 61. Re6 Rh1 62. Re2 Rh6 63. Rg2 Rh1 64. Rh2 Rg1+ 65. Kh4
Kg7 66. Kh3 Kh6 67. Rg2 Rh1+ 1/2-1/2

[Event "DEM U10 2016"]
[Site "Willingen GER"]
[Date "2016.05.18"]
[Round "7"]
[White "Huo, Da"]
[Black "Lox, Nils Norman"]
[Result "1-0"]
[Termination "normal"]
[Board "12"]
[WhiteElo "1703"]
[BlackElo "1480"]
[PlyCount "141"]
[WhiteFideId "16221206"]
[BlackFideId "16221389"]
[EventCountry "GER"]
[EventRounds "11"]
[EventType "swiss"]
[EventDate "2016.05.14"]

1. e4 d5 2. exd5 Qxd5 3. Nc3 Qa5 4. d4 c6 5. Nf3 Bf5 6. Bd3 Bxd3 7. Qxd3 Nf6 8.
Bd2 Qc7 9. O-O e6 10. Rfe1 Bd6 11. Ne4 Nbd7 12. Nxd6+ Qxd6 13. c4 O-O 14. Qb3
Qc7 15. Rac1 Qb6 16. Qc2 Rfe8 17. Be3 Qc7 18. Qd2 Ne4 19. Qc2 Nef6 20. Rcd1
Rac8 21. Bg5 h6 22. Bh4 Qf4 23. Bg3 Qg4 24. h3 Qh5 25. Ne5 Qg5 26. a3 Nf8 27.
Qb3 Re7 28. Qc2 Ree8 29. b4 Nh5 30. Nf3 Qg6 31. Qxg6 Nxg6 32. Ne5 Nxg3 33. fxg3
Nxe5 34. Rxe5 Rcd8 35. Kf2 Kh7 36. d5 exd5 37. Rxe8 Rxe8 38. cxd5 cxd5 39. Rxd5
Re7 40. g4 Rc7 41. Rc5 Rxc5 42. bxc5 Kg6 43. Ke3 Kf6 44. Ke4 Ke6 45. a4 g6 46.
a5 a6 47. g3 f6 48. h4 f5+ 49. gxf5+ gxf5+ 50. Kf4 Kf6 51. g4 fxg4 52. Kxg4 h5+
53. Kf4 Ke6 54. Ke4 Ke7 55. Kf5 Kf7 56. Kg5 Ke6 57. Kxh5 Kf5 58. Kh6 Kf6 59. h5
Ke5 60. Kg5 Kd5 61. h6 Kxc5 62. h7 Kb5 63. h8=Q Kxa5 64. Qc3+ Kb5 65. Qb3+ Kc6
66. Kf4 b5 67. Ke4 Kc5 68. Qa3+ Kb6 69. Kd4 a5 70. Kd5 b4 71. Qa4 1-0

[Event "DEM U10 2016"]
[Site "Willingen GER"]
[Date "2016.05.18"]
[Round "7"]
[White "Werner, Denis"]
[Black "Grunert, Wilhelm"]
[Result "0-1"]
[Termination "normal"]
[Board "13"]
[WhiteElo "1397"]
[BlackElo "1374"]
[PlyCount "98"]
[WhiteFideId "16226429"]
[BlackFideId "12995673"]
[EventCountry "GER"]
[EventRounds "11"]
[EventType "swiss"]
[EventDate "2016.05.14"]

1. c4 Nf6 2. Nc3 g6 3. g3 Bg7 4. Bg2 O-O 5. Nf3 d6 6. O-O e5 7. d3 Nbd7 8. a3
a5 9. Bd2 a4 10. Nxa4 h6 11. Nc3 Ne8 12. e3 f5 13. Nh4 g5 14. Nf3 Nef6 15. Ne1
Rf7 16. f4 g4 17. fxe5 Nxe5 18. e4 fxe4 19. Nxe4 Nxe4 20. Rxf7 Nxf7 21. Bxe4
Bxb2 22. Ra2 Qf6 23. Nc2 Ra7 24. Be3 c5 25. Qb1 Bc3 26. Qb6 Ra6 27. Qb3 d5 28.
Bxd5 Rb6 29. Nb4 Bxb4 30. axb4 Rxb4 31. Qd1 b6 32. Bd2 Qd4+ 33. Kg2 Rb2 34. Ra8
Qxd3 35. Rxc8+ Kh7 36. Kh1 Rxd2 37. Qxd2 Qxd2 38. Bxf7 Qd1+ 39. Kg2 Qf3+ 40.
Kg1 Qxf7 41. Rb8 Qxc4 42. Rb7+ Kg6 43. Rxb6+ Kg5 44. Rb8 Qd5 45. Rb5 Qd4+ 46.
Kg2 Qd2+ 47. Kg1 Qe1+ 48. Kg2 Qe2+ 49. Kg1 Qxb5 0-1

[Event "DEM U10 2016"]
[Site "Willingen GER"]
[Date "2016.05.18"]
[Round "7"]
[White "Farokhi, Keyvan"]
[Black "Theile, Cedric"]
[Result "1-0"]
[Termination "normal"]
[Board "14"]
[WhiteElo "1585"]
[BlackElo "1287"]
[PlyCount "121"]
[WhiteFideId "12998630"]
[BlackFideId "16283228"]
[EventCountry "GER"]
[EventRounds "11"]
[EventType "swiss"]
[EventDate "2016.05.14"]

1. e4 c5 2. Nf3 d6 3. d4 cxd4 4. Nxd4 Nf6 5. Nc3 a6 6. f3 e6 7. Be3 b5 8. Qd2
Be7 9. O-O-O Bb7 10. g4 Nfd7 11. g5 Ne5 12. h4 f6 13. Nxe6 Qd7 14. Nxg7+ Kf7
15. gxf6 Bxf6 16. Nf5 Be7 17. Nxd6+ Bxd6 18. Qxd6 Qxd6 19. Rxd6 Nxf3 20. Rb6
Bc6 21. Bxb5 axb5 22. Rf1 Ke7 23. Rxf3 Rc8 24. Bg5+ Ke8 25. Nxb5 Bxb5 26. Rxb5
Rxa2 27. Re5+ Kd7 28. Rf7+ Kd6 29. Rd5+ Kc6 30. Kb1 Ra4 31. Rxh7 Rxe4 32. Rd1
Rce8 33. Rh6+ Kb5 34. Rhd6 Nc6 35. R6d5+ Kc4 36. b3+ Kc3 37. Rc5+ Kb4 38. Rxc6
Ka5 39. Rcd6 R8e5 40. R6d5+ Kb6 41. Rxe5 Rxe5 42. Kb2 Kb5 43. Rg1 Re8 44. h5
Kb4 45. h6 Rh8 46. Rh1 Rh7 47. Rh5 Kb5 48. c4+ Kc5 49. Bf6+ Kc6 50. Bg7 Kb6 51.
Kc3 Kc6 52. Kd4 Kd6 53. b4 Kc6 54. Ke5 Kd7 55. Kf6 Kc6 56. Kg6 Rxg7+ 57. hxg7
Kb6 58. g8=Q Kc6 59. Qe6+ Kc7 60. Rh7+ Kb8 61. Qe8# 1-0

[Event "DEM U10 2016"]
[Site "Willingen GER"]
[Date "2016.05.18"]
[Round "7"]
[White "Hagenbeck-Hübert, Ben"]
[Black "Strehse, Nelson"]
[Result "0-1"]
[Termination "normal"]
[Board "15"]
[WhiteElo "1428"]
[BlackElo "1354"]
[PlyCount "104"]
[WhiteFideId "16230779"]
[BlackFideId "16228898"]
[EventCountry "GER"]
[EventRounds "11"]
[EventType "swiss"]
[EventDate "2016.05.14"]

1. e4 e5 2. Nf3 Nc6 3. Nc3 Nf6 4. Bb5 Bb4 5. a3 Bxc3 6. dxc3 d6 7. Bc4 O-O 8.
Bg5 Be6 9. Bb3 Bxb3 10. cxb3 Qe7 11. O-O Qe6 12. Nd2 h6 13. Be3 Ng4 14. Qe2
Nxe3 15. Qxe3 Rad8 16. Rad1 b6 17. f4 exf4 18. Qxf4 Ne5 19. Qf5 Qxf5 20. Rxf5
Ng4 21. Rf4 Ne5 22. Nf1 Rfe8 23. Ng3 Nd7 24. Rf2 Nc5 25. Rdf1 Rd7 26. b4 Nxe4
27. Re1 Rde7 28. Rfe2 d5 29. c4 c6 30. b5 Kf8 31. bxc6 Nxg3 32. Rxe7 Rxe7 33.
Rxe7 Kxe7 34. hxg3 dxc4 35. c7 Kd7 36. c8=Q+ Kxc8 37. Kf2 Kc7 38. Ke3 Kd6 39.
Kd4 b5 40. a4 a6 41. a5 f5 42. Ke3 Ke5 43. Kf3 b4 44. Ke3 c3 45. bxc3 b3 46.
Kd2 Ke4 47. Kc1 Kd3 48. Kb2 Kc4 49. Kb1 Kxc3 50. Kc1 g5 51. g4 fxg4 52. g3 h5
0-1

[Event "DEM U10 2016"]
[Site "Willingen GER"]
[Date "2016.05.18"]
[Round "7"]
[White "Bungarten, Jona"]
[Black "Müller, Linus"]
[Result "1/2-1/2"]
[Termination "normal"]
[Board "16"]
[WhiteElo "1466"]
[BlackElo "1077"]
[PlyCount "46"]
[WhiteFideId "16223608"]
[BlackFideId "16245946"]
[EventCountry "GER"]
[EventRounds "11"]
[EventType "swiss"]
[EventDate "2016.05.14"]

1. e4 c5 2. d4 cxd4 3. c3 Nf6 4. e5 Nd5 5. Nf3 Nc6 6. cxd4 d6 7. Bc4 Nb6 8. Bb3
dxe5 9. dxe5 Qxd1+ 10. Bxd1 Nc4 11. Ba4 Bd7 12. Bxc6 Bxc6 13. Nbd2 Bxf3 14.
Nxf3 e6 15. O-O Bb4 16. b3 Na3 17. Bb2 O-O 18. Ng5 Nb5 19. a3 Bd2 20. Ne4 Rfd8
21. a4 Nc7 22. Nd6 Rab8 23. Ba3 Bc3 1/2-1/2

[Event "DEM U10 2016"]
[Site "Willingen GER"]
[Date "2016.05.18"]
[Round "7"]
[White "Frank, Marian"]
[Black "Kodalle, Dominik"]
[Result "1/2-1/2"]
[Termination "normal"]
[Board "17"]
[WhiteElo "1101"]
[BlackElo "1399"]
[PlyCount "66"]
[WhiteFideId "16245059"]
[BlackFideId "16208722"]
[EventCountry "GER"]
[EventRounds "11"]
[EventType "swiss"]
[EventDate "2016.05.14"]

1. e4 c5 2. d4 cxd4 3. c3 dxc3 4. Nxc3 Nc6 5. Nf3 a6 6. a4 e6 7. Bf4 Nge7 8.
Bc4 Ng6 9. Bg3 Be7 10. O-O h5 11. h3 h4 12. Bh2 b6 13. Qe2 Bb7 14. Rac1 Nb4 15.
Rfd1 Nc6 16. b3 Na5 17. Ne5 Nxe5 18. Bxe5 Bf6 19. Bd6 Nxc4 20. Qxc4 Rc8 21. Qd3
Rg8 22. Ne2 g5 23. e5 Be7 24. Bxe7 Qxe7 25. Rxc8+ Bxc8 26. Rc1 Qd8 27. Qc4 Bb7
28. Qc7 Bc6 29. Qd6 Qe7 30. Qb8+ Qd8 31. Qd6 Qe7 32. Qb8+ Qd8 33. Qd6 Bb7
1/2-1/2

[Event "DEM U10 2016"]
[Site "Willingen GER"]
[Date "2016.05.18"]
[Round "7"]
[White "Rapp, Leonard"]
[Black "May, Ben-Iven"]
[Result "1/2-1/2"]
[Termination "normal"]
[Board "18"]
[WhiteElo "1504"]
[BlackElo "1330"]
[PlyCount "86"]
[WhiteFideId "16212428"]
[BlackFideId "16229673"]
[EventCountry "GER"]
[EventRounds "11"]
[EventType "swiss"]
[EventDate "2016.05.14"]

1. e4 c6 2. d4 d5 3. exd5 cxd5 4. Bd3 Nc6 5. c3 e6 6. Bf4 Bd6 7. Bg3 Nf6 8. Qe2
Qe7 9. Nf3 Bd7 10. Nbd2 O-O 11. O-O Rfe8 12. Ne5 Rac8 13. Ndf3 Nh5 14. Nxd7
Nxg3 15. fxg3 Qxd7 16. Ne5 Bxe5 17. dxe5 Qc7 18. Bb5 a6 19. Bxc6 Qxc6 20. Qf2
Qc5 21. Qxc5 Rxc5 22. Rf2 Rf8 23. Kf1 f6 24. exf6 Rxf6 25. Rxf6 gxf6 26. Re1
Kf7 27. Kf2 Rc7 28. Kf3 e5 29. g4 h6 30. h3 Rd7 31. Rd1 Ke6 32. a4 Rc7 33. Ke3
Rc4 34. Ra1 Re4+ 35. Kd3 Rf4 36. Ke3 f5 37. gxf5+ Kxf5 38. g3 d4+ 39. cxd4
exd4+ 40. Kd3 Re4 41. Rf1+ Ke5 42. g4 Re3+ 43. Kc4 Ke4 1/2-1/2

[Event "DEM U10 2016"]
[Site "Willingen GER"]
[Date "2016.05.18"]
[Round "7"]
[White "Hänselmann, Hendrik"]
[Black "Sinnhöfer, Joshua"]
[Result "0-1"]
[Termination "normal"]
[Board "19"]
[WhiteElo "1000"]
[BlackElo "1308"]
[PlyCount "134"]
[WhiteFideId "16232755"]
[BlackFideId "16201361"]
[EventCountry "GER"]
[EventRounds "11"]
[EventType "swiss"]
[EventDate "2016.05.14"]

1. d4 d5 2. c4 dxc4 3. e4 e5 4. dxe5 Qxd1+ 5. Kxd1 Be6 6. Nf3 Nc6 7. Nc3 O-O-O+
8. Bd2 f6 9. exf6 Nxf6 10. Kc2 Bb4 11. Rd1 Rhg8 12. Ng5 Nd4+ 13. Kb1 Rge8 14.
Nxe6 Rxe6 15. Bxc4 Rb6 16. Be3 Bxc3 17. Be6+ Rxe6 18. bxc3 Nc6 19. Rxd8+ Kxd8
20. Rd1+ Rd6 21. Rxd6+ cxd6 22. f3 b6 23. Kc2 d5 24. exd5 Nxd5 25. Bg5+ Kd7 26.
Kd3 b5 27. g4 Kd6 28. f4 h6 29. Bh4 Nxf4+ 30. Ke4 Nd5 31. Bg3+ Ke6 32. h4 Nxc3+
33. Kf4 Ne5 34. Bh2 Ne2+ 35. Ke4 Nxg4 36. Bb8 Nc3+ 37. Kf3 Kf5 38. Bxa7 Nxa2
39. Bd4 Ne5+ 40. Ke3 Nb4 41. Bc5 Nbc6 42. Kd2 Nf3+ 43. Kc3 Nxh4 44. Bf8 Kf6 45.
Kd3 Nf5 46. Ke4 g5 47. Kd5 Nfd4 48. Bxh6 g4 49. Ke4 g3 50. Ke3 Nf5+ 51. Kf3
Nxh6 52. Kxg3 b4 53. Kf3 b3 54. Ke4 Nd4 55. Kd3 b2 56. Kd2 b1=Q 57. Ke3 Qe1+
58. Kxd4 Qe2 59. Kd5 Qd3+ 60. Kc5 Ke6 61. Kc6 Qd5+ 62. Kc7 Qd6+ 63. Kb7 Qc5 64.
Ka8 Qb5 65. Ka7 Nf7 66. Ka8 Nd8 67. Ka7 Qb7# 0-1

[Event "DEM U10 2016"]
[Site "Willingen GER"]
[Date "2016.05.18"]
[Round "7"]
[White "Lehmann, Nils"]
[Black "Feng, Felix"]
[Result "1-0"]
[Termination "normal"]
[Board "20"]
[WhiteElo "1461"]
[BlackElo "1100"]
[PlyCount "117"]
[WhiteFideId "12982610"]
[BlackFideId "16275179"]
[EventCountry "GER"]
[EventRounds "11"]
[EventType "swiss"]
[EventDate "2016.05.14"]

1. e4 c5 2. Nf3 Nc6 3. d4 cxd4 4. Nxd4 g6 5. Nc3 Bg7 6. Be3 d6 7. Be2 Bd7 8.
O-O Nf6 9. f3 a6 10. Qd2 b5 11. a3 Rb8 12. Rfd1 O-O 13. Na2 Qc7 14. Nb4 Ra8 15.
Rac1 Rfc8 16. c4 Nxd4 17. Bxd4 Qb7 18. c5 dxc5 19. Rxc5 Rxc5 20. Bxc5 Be6 21.
Kh1 Rc8 22. Bf2 Nd7 23. Rc1 Ne5 24. Rxc8+ Qxc8 25. Nd5 Qd7 26. Qd1 Bxd5 27.
exd5 Qd6 28. b4 Nd7 29. Bg3 Be5 30. Bf2 Bxh2 31. Bc5 Nxc5 32. bxc5 Qxc5 33.
Kxh2 Qxa3 34. Qd4 b4 35. Qb6 Qb3 36. Bxa6 Qxd5 37. Qxb4 Qe5+ 38. Kg1 Qa1+ 39.
Bf1 Qa7+ 40. Kh1 Qe3 41. Qh4 Kg7 42. Kh2 Qe5+ 43. Qg3 Qh5+ 44. Kg1 Qc5+ 45. Qf2
Qe5 46. g3 Kg8 47. Kg2 Kg7 48. Be2 Kg8 49. f4 Qd5+ 50. Bf3 Qd6 51. Qe3 Qb4 52.
g4 Qb5 53. Qxe7 f5 54. Qd8+ Kf7 55. Bd5+ Kg7 56. Qe7+ Kh6 57. g5+ Kh5 58. Bf3+
Kh4 59. Qxh7# 1-0

[Event "DEM U10 2016"]
[Site "Willingen GER"]
[Date "2016.05.18"]
[Round "7"]
[White "Laube, Jannis"]
[Black "Bakiyev, Diyar"]
[Result "0-1"]
[Termination "normal"]
[Board "21"]
[WhiteElo "1495"]
[BlackElo "1027"]
[PlyCount "58"]
[WhiteFideId "16205995"]
[BlackFideId "16230531"]
[EventCountry "GER"]
[EventRounds "11"]
[EventType "swiss"]
[EventDate "2016.05.14"]

1. e4 e5 2. Nf3 Nc6 3. Nc3 Bc5 4. Bc4 Nf6 5. d3 h6 6. Nd5 Nxd5 7. Bxd5 d6 8.
Be3 Bb6 9. Bxb6 axb6 10. d4 Bg4 11. h3 Bh5 12. g4 Bg6 13. Qd2 O-O 14. h4 exd4
15. h5 Bxe4 16. Bxe4 Re8 17. g5 Rxe4+ 18. Kf1 hxg5 19. Nxg5 Rg4 20. f4 Qf6 21.
Nh3 Rh4 22. Qf2 Rxh5 23. Qg3 Nb4 24. a3 Nxc2 25. Rc1 Ne3+ 26. Ke2 Qe6 27. Kf3
Qd5+ 28. Ke2 Qe4 29. Rhg1 Nf5+ 0-1